El fuego interno / (Record no. 42102)

MARC details
000 -LEADER
campo de control de longitud fija 00618nam a2200217 i 4500
001 - NÚMERO DE CONTROL
campo de control 42102
003 - IDENTIFICADOR DE NÚMERO DE CONTROL
campo de control ES-MaACL
007 - CAMPO FIJO DE DESCRIPCIÓN FÍSICA--INFORMACIÓN GENERAL
campo de control de longitud fija t|
008 - DATOS DE LONGITUD FIJA--INFORMACIÓN GENERAL
campo de control de longitud fija 030312s1985 sp ||||1| spa d
020 ## - NÚMERO INTERNACIONAL ESTÁNDAR DEL LIBRO
Número Internacional Estándar del Libro 84-85595-26-2
100 1# - ENTRADA PRINCIPAL--NOMBRE DE PERSONA
Nombre de persona Castaneda, Carlos.
9 (RLIN) 36394
245 13 - MENCIÓN DEL TÍTULO
Título El fuego interno /
Mención de responsabilidad, etc. [Carlos Castaneda].
250 ## - MENCION DE EDICION
Mención de edición 1ª ed.
260 ## - PUBLICACIÓN, DISTRIBUCIÓN, ETC.
Lugar de publicación, distribución, etc. San Lorenzo de El Escorial :
Nombre del editor, distribuidor, etc. Swan, Avantos & Hakeldama,
Fecha de publicación, distribución, etc. 1985.
300 ## - DESCRIPCIÓN FÍSICA
Extensión 326 p. ;
Dimensiones 22 cm.
490 1# - MENCIÓN DE SERIE
Mención de serie El compás de oro ;
Designación de volumen o secuencia 5
500 ## - NOTA GENERAL
Nota general Indice.
830 0# - PUNTO DE ACCESO ADICIONAL DE SERIE-TÍTULO UNIFORME
Título uniforme El compás de oro ;
Designación de volumen o secuencia 5
9 (RLIN) 181924
852 ## - LOCALIZACIÓN
Ubicación ES-MaACL
Número de control de estantería L-9507
Sublocalización o colección R.108898
Holdings
Estatus retirado Estado de pérdida Estado de daño No para préstamo Biblioteca de origen Biblioteca actual Ubicación en estantería Fecha de adquisición Fuente de adquisición Total de préstamos Signatura topográfica completa Código de barras Visto por última vez Precio de reemplazo Tipo de ítem Koha
        Biblioteca del Ateneo de Madrid Biblioteca del Ateneo de Madrid Depósito 2 17/01/2008     L-9507 1044314 23/02/2023 23/02/2023 Libro impreso